Nové předpisy o restituci systematický výklad zákon č. 79/1948 Sb. t. zv. restituční novely

Gespeichert in:
Bibliographische Detailangaben
Format: Buch
Sprache:Tschechisch
Veröffentlicht: Praha V. Linhart 1948
Tags: Tag hinzufügen
Keine Tags, Fügen Sie das erste Tag hinzu!

MARC

LEADER 00000nam a2200000 4500
001 0268808
005 20260108122600.4
041 0 |a cze 
044 |a -CS 
245 1 0 |a Nové předpisy o restituci  |b systematický výklad zákon č. 79/1948 Sb. t. zv. restituční novely  |c Viktor Knapp 
264 1 |a Praha  |b V. Linhart  |c 1948